[Event "Rostock-07 IM Group"]
[Site "Rostock"]
[Date "1981.08.21"]
[Round "7"]
[White "Hesse, Peter"]
[Black "Neukirch, Detlef"]
[Result "1/2-1/2"]
[WhiteElo "2385"]
[BlackElo "2375"]
[Annotator "Ftacnik,L"]
[PlyCount "115"]
[EventDate "1981.08.15"]
[EventType "tourn"]
[EventRounds "9"]
[EventCountry "DDR"]
[EventCategory "4"]
[SourceTitle "MCL"]
[Source "ChessBase"]
[SourceDate "1999.07.01"]
[SourceVersion "1"]
[SourceVersionDate "1999.07.01"]
[SourceQuality "1"]

1. d4 Nf6 2. Nf3 e6 3. Bg5 d5 4. e3 Nbd7 5. c4 c6 6. Nc3 Qa5 7. Nd2 Bb4 8. Qc2
O-O 9. Be2 e5 10. dxe5 (10. O-O) 10... Ne4 11. Ndxe4 dxe4 12. O-O (12. e6 $6
Ne5 $1 13. exf7+ Rxf7) 12... Bxc3 13. bxc3 Qxe5 $6 (13... f6 $142 $1 14. Bh4
Qxe5 $10) 14. Bf4 Qf5 15. Rfd1 Re8 16. Rd6 Ne5 (16... Nc5 $2 17. g4 $1) 17.
Rad1 Be6 18. R1d4 Nd3 19. Bg3 c5 20. Bxd3 cxd4 (20... exd3 21. Rxd3 Bxc4 22.
Rd2 Qxc2 23. Rxc2 $10) 21. Bxe4 Qh5 $6 (21... d3 $5) 22. cxd4 Bxc4 23. h3 Ba6
24. Rd5 Qe2 25. Bxh7+ Kh8 26. Rd7 Rac8 27. Qxe2 Bxe2 28. Bf5 g6 29. Bg4 Bxg4
30. hxg4 Kg8 31. Rxb7 a5 32. Ra7 Ra8 33. Rxa8 Rxa8 34. Bd6 (34. g5 $5) 34... f6
35. g5 f5 36. g3 Kf7 37. Kg2 Ke6 38. Bc5 Rb8 39. g4 $6 fxg4 40. e4 Rb2 41. a3
Re2 42. e5 Kd5 $6 (42... Kf5 $5) 43. Kg3 a4 44. Ba7 Ra2 45. Bc5 Re2 46. f4 gxf3
47. Kxf3 Rb2 48. Kg3 Ke6 49. Kf4 Rg2 50. Bb6 Kd5 51. Bc5 Rg1 52. Bb6 Rf1+ 53.
Kg3 Re1 54. Bc5 Re3+ 55. Kf4 Rh3 56. Kg4 Re3 57. Kf4 Re4+ 58. Kf3 1/2-1/2

[Event "Donner Memorial-A"]
[Site "Amsterdam"]
[Date "1994.??.??"]
[Round "5"]
[White "Van der Sterren, Paul"]
[Black "Timman, Jan H"]
[Result "0-1"]
[WhiteElo "2605"]
[BlackElo "2635"]
[Annotator "Ftacnik,L"]
[PlyCount "130"]
[EventDate "1994.08.??"]
[EventType "tourn"]
[EventRounds "9"]
[EventCountry "NED"]
[EventCategory "15"]
[SourceTitle "CBM 043"]
[Source "ChessBase"]
[SourceDate "1994.12.01"]
[SourceVersion "1"]
[SourceVersionDate "1994.12.01"]
[SourceQuality "1"]

1. d4 Nf6 2. c4 e6 3. Nf3 d5 4. Nc3 Nbd7 5. Bg5 c6 6. e3 Qa5 7. Nd2 dxc4 8.
Bxf6 Nxf6 9. Nxc4 Qc7 10. g3 (10. Be2 Bd7 11. Rc1 $14) 10... Bd7 11. Bg2 c5 12.
d5 exd5 13. Nxd5 Nxd5 14. Qxd5 (14. Bxd5 O-O-O 15. a4 f5 16. Qf3 Kb8 17. O-O h5
$132) 14... Rb8 15. O-O-O Be6 16. Nd6+ $1 (16. Qe4 Be7 17. Rd2 O-O $15) 16...
Bxd6 (16... Ke7 $2 17. Qe5 $1) 17. Qxd6 Qxd6 18. Rxd6 Ke7 19. Rhd1 b6 20. R6d3
Rhd8 21. Bd5 (21. Rxd8 Rxd8 22. Rxd8 Kxd8 23. a3 Ke7 $10) 21... Bxd5 22. Rxd5
Rxd5 23. Rxd5 Rd8 24. Re5+ $6 (24. Rxd8 Kxd8 $10) 24... Kd6 25. Re4 b5 26. Kc2
h6 27. Rh4 Re8 28. Kd3 Kc6 29. Rf4 f6 30. h4 Re5 31. g4 c4+ 32. Kc3 Kc5 33. b4+
$2 (33. a3 a5 34. Rd4 $15) 33... Kd6 34. h5 Rd5 35. Kc2 Kd7 36. Kc1 Ke6 37. e4
Rd4 38. f3 Rd3 39. Rf5 a6 40. Kc2 Re3 41. Kb2 Re2+ 42. Kb1 Rf2 43. a3 Kd6 44.
Ka1 Kc6 45. Kb1 Kd6 (45... Kb6 46. Kc1 Re2 47. Kb1 Re3 48. Kb2 a5 49. g5 $5 $17
) 46. Ka1 Ke7 47. Kb1 Ke6 48. Ka1 Re2 49. Kb1 Re3 50. Kb2 Rb3+ 51. Ka2 Rd3 52.
Kb2 Re3 53. Ka2 Rb3 $22 54. Rc5 Rxf3 55. a4 (55. Rc6+ Ke5 56. Rxa6 Rf4 57. Rb6
Rxg4 58. Rxb5+ Kxe4 59. a4 Rg2+ 60. Ka3 c3 $19) 55... bxa4 56. Rxc4 (56. Rc6+
Ke5 57. Rxa6 Kxe4 58. Ra7 c3 $19) 56... Kd7 57. Rd4+ Kc6 58. Rc4+ Kb6 59. e5
fxe5 60. Re4 Rf4 61. Rxe5 Rxg4 62. Ka3 Rg5 63. Re7 a5 $1 64. Kxa4 axb4 65. Kxb4
Kc6 (65... Kc6 66. Kc4 Kd6 67. Ra7 Ke6 68. Kd4 Kf6 69. Ra6+ Kf7 70. Ra7+ Kg8
$19) 0-1

[Event "Munich SKA"]
[Site "Munich"]
[Date "1993.??.??"]
[Round "8"]
[White "Lutz, Christopher"]
[Black "Gurevich, Mikhail"]
[Result "1-0"]
[WhiteElo "2550"]
[BlackElo "2610"]
[Annotator "Ftacnik,L"]
[PlyCount "55"]
[EventDate "1993.05.??"]
[EventType "tourn"]
[EventRounds "11"]
[EventCountry "GER"]
[EventCategory "16"]
[SourceTitle "CBM 036"]
[Source "ChessBase"]
[SourceDate "1993.10.01"]
[SourceVersion "1"]
[SourceVersionDate "1993.10.01"]
[SourceQuality "1"]

1. d4 d5 2. c4 c6 3. Nf3 Nf6 4. Nc3 e6 5. Bg5 Nbd7 6. e3 Qa5 7. Nd2 Bb4 8. Qc2
e5 9. dxe5 (9. Nb3 Qa4 (9... Qc7 10. Be2 dxc4 11. Bxc4 O-O 12. O-O Bd6 13. h3
Re8 14. Rad1 $13 {Kramnik,V-Kamsky,G/Linares/1993/}) 10. cxd5 exd4 11. dxc6
dxc3 12. cxd7+ Bxd7 13. bxc3 Qc6 14. Bxf6 gxf6 15. Rc1 Rc8 16. Nd4 Bxc3+ 17.
Kd1 Bxd4 18. Qxc6 Bxc6 19. exd4 O-O 20. Kd2 Rfd8 {0,5/Yusupov,A-Kamsky,G/
Tilburg/1992/}) 9... Ne4 (9... Bxc3 10. Qxc3 Qxc3 11. bxc3 Nxe5 12. Bxf6 gxf6
13. cxd5 cxd5 14. Nb3 $14) 10. Ndxe4 dxe4 11. O-O-O f6 (11... Bxc3 12. Qxc3
Qxc3+ 13. bxc3 O-O 14. Bf4 Re8 15. Rd4 $14) (11... O-O 12. Nxe4 Qxa2 13. f4 $16
) 12. exf6 Qxg5 (12... Bxc3 13. bxc3 Qxg5 14. Qxe4+ Kd8 (14... Qe5 15. f7+ Kxf7
$2 16. Rxd7+) 15. Qe7+ Kc7 16. fxg7 $18) 13. Nxe4 Qe5 $2 (13... Qa5 14. fxg7 (
14. a3 $2 Bf8 15. fxg7 Bxg7 16. Nd6+ Ke7 17. Qe4+ Qe5) 14... Rg8 15. c5 (15.
Kb1 Rxg7 16. g4 Be7 17. h3 $13) 15... Qxa2 (15... Bxc5 16. Bc4 Rxg7 17. Rxd7
Bxd7 18. Nxc5 O-O-O 19. Nxd7 Kxd7 $13) 16. Nd6+ Kd8 17. Qxh7 Qa1+ 18. Qb1 (18.
Kc2 Qa4+ 19. Kc1 $10) 18... Qxb1+ 19. Kxb1 Rxg7 $13) (13... Qh6 14. fxg7 Qxg7
15. c5 $16) 14. f4 Qa5 (14... Qe6 15. fxg7 Rg8 16. g4 Rxg7 (16... Qxg4 $2 17.
Rxd7 $1) 17. g5 $16) 15. a3 Bf8 $2 (15... Bc5 16. fxg7 Rg8 17. Kb1 Be7 18. g4
Rxg7 19. g5 $16) 16. fxg7 Bxg7 17. Nd6+ Kd8 (17... Ke7 18. Qe4+ Kd8 19. Qe6 $16
) 18. Nf7+ (18. Qd3 Kc7 (18... Qc7 19. Nf7+ Ke8 20. Nxh8 Nc5 21. Qc2 Bxh8 22.
Bd3 $18) 19. Nxc8 Nc5 20. Qd6+ Kxc8 21. g3 Bxb2+ (21... Nb3+ 22. Kc2) 22. Kxb2
Na4+ 23. Ka2 Qf5 24. Bd3 $18) 18... Kc7 (18... Ke8 19. Nxh8 Nf6 20. e4 Bxh8 21.
e5 $18) 19. Nxh8 Nc5 (19... Qh5 20. Bd3) (19... Bxh8 20. Qxh7 Bf6 21. Qd3 Qc5
22. e4 $18) 20. Nf7 Bf5 21. Bd3 $18 Nxd3+ 22. Rxd3 Rf8 23. Nd6 Bxd3 24. Qxd3
Qh5 25. Rd1 Bh8 26. Ne4 Qf5 27. Qd6+ Kc8 28. Qe7 1-0

[Event "Haifa"]
[Site "Haifa"]
[Date "1996.??.??"]
[Round "5"]
[White "Greenfeld, Alon"]
[Black "Huzman, Alexander"]
[Result "1-0"]
[WhiteElo "2560"]
[BlackElo "2570"]
[Annotator "Greenfeld,A"]
[PlyCount "51"]
[EventDate "1996.06.??"]
[EventType "tourn"]
[EventRounds "7"]
[EventCountry "ISR"]
[EventCategory "14"]
[SourceTitle "CBM 054"]
[Source "ChessBase"]
[SourceDate "1996.10.01"]
[SourceVersion "1"]
[SourceVersionDate "1996.10.01"]
[SourceQuality "1"]

1. d4 {HarZvi} Nf6 2. c4 e6 3. Nf3 d5 4. Nc3 Nbd7 5. Bg5 c6 6. e3 Qa5 7. cxd5
Nxd5 8. Qd2 Bb4 9. Rc1 h6 10. Bh4 O-O (10... c5 {HarZvi} 11. a3 Bxc3 12. bxc3
b6 (12... Qxa3 {HarZvi: a very risky move} 13. e4 N5f6 14. Bd3 Qa5 15. d5 exd5
16. e5 Ne4 17. Bxe4 dxe4 18. Qd6 g5 19. Nxg5 $1 Qb6 20. Nxe4 {HarZvi: and
white is winning Petursson,M-Halasz,T Naestved op 1988 1-0 26}) 13. e4 N5f6 14.
Bd3 Bb7 15. d5 c4 $1 (15... exd5 16. e5) 16. dxe6 cxd3 17. exd7+ Nxd7 18. Qxd3
g5 19. Bg3 Nc5 20. Qd6 {1-2/1-2 Kramnik,V-Ivanchuk,V Novogorod 1995 63/(395)})
11. Bd3 c5 {Black usually plays. HarZvi: I am not sure if this move is OK
since very quick black got a clear worse a clear worse position.} (11... e5 {
here. With the textmove he strives for a Nimzo-indian type of position, e.g.
after}) (11... c5 {HarZvi: I am not sure if this move is OK since very quick
black got a clear worse a clear worse position} 12. O-O cxd4 13. exd4 b6 {
with Ba6 to follow. The timing of the following move is therefore important.})
(11... Re8 {HarZvi} 12. a3 Bxc3 13. bxc3 Qxa3 14. O-O e5 (14... Qf8 $5) 15.
Nxe5 $1 Nxe5 16. dxe5 Qc5 (16... Rxe5 17. e4 Nb6 18. f4 $44) 17. Kh1 Be6 (17...
Rxe5 18. e4 Rh5 19. Bg3 Nf6 20. Rce1 $1 $16) 18. e4 Nb6 19. f4 {HarZvi: with
initiative for white Shirov,A-Piket,J Amsterdam 1995 64/414 [Shirov,A] 1-0 36})
(11... e5 12. O-O Re8 $1 13. Qc2 exd4 14. Nxd5 Qxd5 15. exd4 (15. Nxd4 $10 {
HarZvi}) 15... Nb6 16. Bg3 Qxa2 $1 17. Ne5 Be6 18. f4 {HarZvi: with unclear
position Shirov,A-Piket,Je Aruba (m/6) 63/395 [Piket,Je] 1-0 41}) 12. a3 $1
cxd4 $6 {Another Nimzo motive,but not an effective one,since Black doesn't
have enough grip of the centre here. Better was} (12... Bxc3 13. bxc3 b6 {
(dangerous is} (13... Qxa3 14. O-O {with 15.e4 etc.), and now:}) 14. e4 $1 (14.
O-O Ba6 15. Bxa6 Qxa6 16. e4 N5f6 17. e5 Nh7 {with mutual chances} (17... Nd5
18. c4 Nc7 19. Be7)) 14... N5f6 15. e5 Nd5 16. Be4 $1 (16. c4 Nf4) 16... c4 (
16... cxd4 17. c4) (16... Rb8 17. c4 Nf4 18. Qxa5 bxa5 19. Bg3) 17. Be7 $1 Re8
(17... Nxe7 18. Bxa8 Qxa3 19. O-O) 18. Bd6 {and White has the better prospects
thanks to his attacking possibilities in the kingside.}) 13. axb4 dxc3 14. bxc3
Qb6 $6 {The last chance to complete the development lies in} (14... Qc7 15. O-O
N5f6 {(after the immediate} (15... b6 {,} 16. Bg3 $1 {is annoying). Still,
White's advantage is indisputable after}) 16. Nd4 $1 {with the ideas Nb5-d6
and f4,e4.}) 15. O-O {HarZvi: white is much better,he has a pair of bishops
and black did not finish his development yet,very quickly white is able to
carry out a strong attack against black's king} a5 {Black's intention to gain
counterplay in the queenside proves too slow against the developing White
initiative. HarZvi: black's position is not pleasent but after this move white
playes very strong and black's position becomes maybe lost} 16. e4 {It was
possible to win the exchange with} (16. Ra1 Qc7 17. c4 (17. e4 Nf4 $1 18. Bg3
e5 19. Nxe5 Nh3+ {is unclear}) 17... Nxb4 18. Be7 {, but after} Nc5 {Black
would enjoy an excellent positional compensation.}) 16... N5f6 17. Ra1 $1 {
HarZvi: now black has also a problem with his "a" pawn} Qc7 (17... a4 {HarZvi})
18. c4 {Takes control over the important d5 square.} b6 {[#]} 19. e5 $1 Nxe5 {
HarZvi: really losing immediately but what else?} (19... Ng4 20. Be7 $1 {
also loses:} Bb7 $5 (20... Re8 $2 21. Bd6 {and 22.h3}) (20... Ndxe5 $2 21. Bd6
$1 {costs a piece} (21. Nxe5 $1 {HarZvi HarZvi: it is still possible to go
wrong with 21.Bd6} Qxe5 22. Bd6 {HarZvi: and white has a winning advantage}) (
21. Bd6 $6 Nxf3+ 22. gxf3 Ne5)) (20... Ngxe5 21. Nxe5 Qxe5 (21... Nxe5 22. Bd6)
22. Rfe1 {and wins}) 21. Bd6 Qd8 (21... Qc8 22. Qf4) 22. Rfe1 $1 {etc}) 20.
Nxe5 Qxe5 21. Rfe1 Qh5 22. Bxf6 gxf6 23. Be4 $1 {HarZvi: white is winning,the
"a" rook goes to the third rank and black days are numbered} (23. Re3 e5) 23...
Rb8 24. Ra3 e5 (24... Kh8 {HarZvi} 25. Qf4) 25. Rg3+ Kh8 26. Bf3 (26. Bf3 Qh4
27. Re4) 1-0

[Event "FIDE World Cup"]
[Site "Khanty-Mansiysk"]
[Date "2011.08.29"]
[Round "1.2"]
[White "Moiseenko, Alexander"]
[Black "Esen, Baris"]
[Result "1-0"]
[WhiteElo "2715"]
[BlackElo "2543"]
[Annotator "Grivas,E"]
[PlyCount "59"]
[EventDate "2011.08.28"]
[EventType "k.o."]
[EventRounds "7"]
[EventCountry "RUS"]
[SourceTitle "CBM 145"]
[Source "ChessBase"]
[SourceDate "2011.11.11"]
[SourceVersion "1"]
[SourceVersionDate "2011.11.11"]
[SourceQuality "1"]

1. d4 d5 2. c4 c6 3. Nf3 Nf6 4. Nc3 e6 5. Bg5 Nbd7 6. e3 Qa5 7. cxd5 Nxd5 8.
Qd2 Bb4 9. Rc1 O-O ({Some previous games of Moiseenko went} 9... c5 10. a3 Bxc3
11. bxc3 h6 12. Bh4 b6 13. c4 Qxd2+ 14. Nxd2 N5f6 15. f3 $14 {Moiseenko,
A-Krasenkow,M Mulhouse 2011}) ({and} 9... h6 10. Bh4 b6 11. Bd3 c5 12. O-O O-O
13. a3 Bxc3 14. bxc3 Ba6 15. Bxa6 Qxa6 16. e4 Nc7 17. d5 exd5 18. exd5 $11 {
Moiseenko,A-Nadyrhanov,S Krasnodar 1999.}) 10. Bd3 h6 11. Bh4 e5 12. O-O ({
White decided to go for an 'easy' line which could promise him almost no
advantage, but he could get away from Black's pre-game preparations. A
previous example is} 12. a3 Bxc3 13. bxc3 exd4 14. cxd4 Qxa3 15. O-O Re8 16. e4
Nf4 17. Bb1 Ng6 18. Bg3 a5 $13 {Salgado Lopez,I-Esen,B Aix-les-Bains 2011.})
12... Re8 13. Qc2 exd4 14. Nxd5 ({In an older game White chose} 14. exd4 Nf8
15. Nxd5 Qxd5 16. Bc4 $13 {Moiseenko,A-Ovetchkin,R Rotterdam 1998.}) 14... Qxd5
15. Nxd4 $1 ({White keeps it simple with this novelty. Known is} 15. Rfd1 Ne5
16. Bh7+ Kh8 17. Nxe5 Qxe5 18. Rxd4 Be7 19. Rcd1 Be6 20. Bxe7 Rxe7 21. Bd3 c5
22. Re4 Qh5 23. Be2 Qg6 24. Qxc5 Bh3 25. Bf3 Rxe4 26. Bxe4 Qxe4 27. gxh3 Qg6+
$11 {Jobava,B-Gurevich,M Batumi 2002 and}) (15. exd4 Nb6 16. b3 (16. Bg3 $6
Qxa2 17. Ne5 Be6 $17 {Shirov,A-Piket,J Aruba 1995}) 16... Qh5 17. Bg3 Be6 18.
Ne5 Nd5 $11 {Pekarek,A-Pinkas,K Myslowice 1985.}) 15... Nb6 $6 (15... Qxa2 $2
16. Nb3 $1 {is out of the question, but the black knight has nothing to do on
b6.}) ({Black should go for} 15... Nf8 $5 16. Bc4 Qh5 17. Bg3 Ne6 18. Nxe6 Bxe6
19. Bxe6 Rxe6 20. Rfd1 $14) ({or even better} 15... Bf8 16. Rfd1 Nc5 17. Bh7+
Kh8 18. Bg3 $14 {.}) 16. Rfd1 $2 ({White did not need to sacrifice his a-pawn,
so he should opt for} 16. Nb3 Qh5 17. Bg3 Be7 18. Rfd1 $14) ({or for} 16. a3
Be7 17. Bxe7 Rxe7 18. Rfd1 $14 {.}) 16... Qh5 $2 ({Black was obliged to take
the challenge and grab the pawn by} 16... Qxa2 $1 {Then maybe the best
variation is} 17. Bg3 (17. Nb3 Be6 18. Nd4 Qa4 19. b3 Qa5 $13) 17... Bg4 18. f3
Bd7 19. Ra1 Qd5 20. Nb5 Qc5 21. Bh7+ Kh8 22. Nd6 Qxc2 23. Bxc2 Bxd6 24. Bxd6
Nd5 25. Bc5 b6 26. e4 bxc5 27. exd5 cxd5 28. Rxd5 Be6 29. Rxc5 Re7 $11 {.}) 17.
Bg3 {Now White stands clearly better, and his plan is to advance his centre
pawn majority. On the other hand Black has little to do but to wait passivly,
and usually this is not a good strategy against a strong opponent.} Bg4 18. f3
Bd7 19. Qf2 (19. Bh7+ Kh8 20. Bf5 Bxf5 21. Nxf5 g6 22. Qb3 Qxf5 23. Qxb4 $16 {
was good as well, but White is not obliged to exchange pieces yet, an action
which would help Black's position to improve a bit. As Black is missing an
active plan, White can take his time as he pleases...}) 19... Be7 20. Bb1 $6 ({
This is losing time.} 20. e4 {was good and should be prefered.}) 20... g6 $6 ({
Passive. Black should go for activity with} 20... Bg5 $1 21. Re1 (21. f4 Be7
22. e4 Rad8 $13) 21... Rad8 22. Rc5 Nd5 23. e4 Be7 24. Rcc1 Nb6 25. a3 $14 {.})
21. e4 c5 $6 ({The natural} 21... Rad8 22. e5 Bc8 {was clearly better,
although White keeps an advantage after} 23. a3 Bf8 24. Ba2 {. The expansion
on the queenside is false and just gives White more targets...}) 22. Ne2 Bf8 ({
Black could (and should!) think of} 22... c4 $5 23. e5 Bf8 {and} 24. Be4 ({
when both} 24. Nf4 Qg5 25. h4 Qe7 26. h5 g5 27. e6 (27. Nd5 Nxd5 28. Rxd5 Be6
29. Qc2 Bg7 30. Rd6 Rad8 31. Rcd1 Rxd6 32. exd6 $14) 27... Bxe6 28. Qc2 Qc5+
29. Kh2 Bf5 30. Qxf5 Qxf5 31. Bxf5 gxf4 32. Bxf4 $16) 24... Rxe5 $5 25. Bxb7 (
25. Bxe5 $2 Qxe5 26. Bxb7 Bc5 27. Nd4 Rd8 28. b4 cxb3 29. axb3 Bc8 30. Rxc5
Qxc5 $11) 25... Rd8 26. Nf4 Qf5 27. Be4 Qf6 28. Nd5 $16 {looks fine for White,
but Black can still put up a fight.}) 23. e5 Rxe5 $2 ({A mistake in an already
difficult position. Black had to go for the previous line with} 23... c4 24.
Nf4 Qg5 25. h4 Qe7 {as was analysed in the above note.}) 24. Nf4 $1 ({Of course
} 24. Bxe5 $2 Qxe5 {would be fine for Black.}) 24... Qg5 25. Nxg6 $1 {The
point of White's combination.} Ree8 (25... fxg6 26. f4 Qg4 27. fxe5 {is just
curtains.}) 26. Nxf8 Kxf8 27. Rxc5 {White won a good pawn and he has also
increased his positional advantages (bishop pair, wrecked black pawn structure)
.} Qe3 28. Qxe3 Rxe3 29. Bf4 Re6 30. Rh5 (30. Rh5 {Black is losing more
material after} Kg7 31. Bf5 {so he decided to call it a day...}) 1-0

[Event "ESP-chT"]
[Site "Lanzarote"]
[Date "2003.05.08"]
[Round "3.1"]
[White "Khalifman, Alexander"]
[Black "Gurevich, Mikhail"]
[Result "1/2-1/2"]
[WhiteElo "2702"]
[BlackElo "2635"]
[Annotator "Gurevich,M"]
[PlyCount "49"]
[EventDate "2003.05.06"]
[EventType "team"]
[EventRounds "9"]
[EventCountry "ESP"]
[SourceTitle "CBM 094 Extra"]
[Source "ChessBase"]
[SourceDate "2003.07.09"]
[SourceVersion "2"]
[SourceVersionDate "2003.07.09"]
[SourceQuality "1"]
[WhiteTeam "Valencia Grupo Bali"]
[BlackTeam "La Caja de Canarias"]
[WhiteTeamCountry "ESP"]
[BlackTeamCountry "ESP"]

1. d4 d5 2. c4 c6 3. Nf3 Nf6 4. Nc3 e6 5. Bg5 Nbd7 6. e3 Qa5 7. cxd5 Nxd5 8.
Qd2 Bb4 9. Rc1 h6 10. Bh4 O-O 11. a3 (11. Bd3 {[-84/373]}) 11... Bxc3 12. bxc3
Qxa3 (12... c5 13. e4 N5f6 14. Bd3 Re8 15. O-O b6 16. Qe2 Bb7 17. Nd2 $16 {
1-0 Scalcione,M-Laznicka,V/Pula CRO 2003/The Week in Chess 446 (34)}) 13. e4
Ne7 14. Bd3 Ng6 15. Bg3 e5 $1 {TN} (15... b6 16. O-O Bb7 17. e5 Qe7 18. h4 c5
19. h5 Bxf3 20. gxf3 Nh4 21. Qf4 Nf5 22. Bxf5 exf5 23. Qxf5 Qe6 24. Qe4 $13 {
1-0 Nielsen,P-Hansen,C/Esbjerg DEN 2002/The Week in Chess 401 (47)}) 16. h4 $5
(16. Nxe5 Ndxe5 17. dxe5 Rd8 18. O-O Qc5 $132) (16. dxe5 Qe7 $15) 16... exd4
17. cxd4 (17. h5 Nc5 $19) 17... Re8 18. h5 (18. O-O Nf6 19. Ra1 Qe7 20. Rfb1
Nh5 $132) 18... Ngf8 19. O-O Nf6 20. Ra1 $8 Qe7 21. Bh4 Qe6 22. Ra5 (22. Ne5 $5
{(н/\23.Bc4)} Qd6 23. Nxf7 Kxf7 (23... Qxd4 24. Bxf6 Qxf6 25. Nd6 Rd8 26. Nxc8)
24. e5 $44) 22... b5 (22... N8d7 $5 {н/\23...b5}) 23. d5 cxd5 24. exd5 Qd6 (
24... Qb6 $5 25. Rxb5 Qd6 $11 {Khalifman,A}) 25. Bxb5 (25. Bxb5 Bd7 26. Bg3 (
26. Bxf6 Qxf6 27. Bxd7 Nxd7 28. d6 Re6 29. Rd1 Rd8 $11) 26... Qb6 27. Bd3 $5
Nxh5 28. Bh2 $44) 1/2-1/2

[Event "Bundesliga 0506"]
[Site "Germany"]
[Date "2006.02.18"]
[Round "10.5"]
[White "L'Ami, Erwin"]
[Black "Gurevich, Mikhail"]
[Result "0-1"]
[WhiteElo "2541"]
[BlackElo "2652"]
[Annotator "Gurevich,M"]
[PlyCount "126"]
[EventDate "2005.10.21"]
[EventType "team-tourn"]
[EventRounds "15"]
[EventCountry "GER"]
[SourceTitle "CBM 112"]
[Source "ChessBase"]
[SourceDate "2006.06.07"]
[SourceVersion "1"]
[SourceVersionDate "2006.06.07"]
[SourceQuality "1"]
[WhiteTeam "Katernberg"]
[BlackTeam "Porz"]
[WhiteTeamCountry "GER"]
[BlackTeamCountry "GER"]

1. d4 d5 2. c4 c6 3. Nf3 Nf6 4. Nc3 e6 5. Bg5 Nbd7 6. e3 Qa5 7. cxd5 Nxd5 8.
Qd2 Bb4 9. Rc1 h6 10. Bh4 O-O 11. e4 Nxc3 12. bxc3 Ba3 13. Rb1 b6 $5 14. Bd3
Ba6 15. O-O Rfe8 16. Rfe1 Rac8 17. e5 {TN} (17. Bc2 c5 18. d5 e5 19. d6 c4 20.
Be7 Qc5 21. Nh4 Rxe7 22. dxe7 Qxe7 23. Nf5 Qe6 24. Rbd1 Nf6 $44 {1/2-1/2
Perdomo,L-Soppe,G/Olavarria 2005/CBM 105 ext (38)}) 17... Bxd3 18. Qxd3 c5 19.
Re3 (19. d5 c4 20. Qd4 Qxd5 $15) (19. Qe4 $5 {(/\20.d5)} cxd4 (19... Qxc3 $6
20. Re3 Qa5 21. d5 $36) 20. cxd4 Rc4 (20... Be7 21. Bxe7 Rxe7 22. Qb7 $36) 21.
Qg4 Bf8 $132) 19... cxd4 20. cxd4 Be7 $5 21. Bxe7 Rxe7 {[/\22...Nf8,23...
Rec7<=>]} 22. a3 Nf8 23. h4 Rec7 24. Rb5 Rc1+ 25. Kh2 Qa6 $5 (25... Qa4 26. Qb3
Qxb3 27. Rexb3 $15 {/\28.d5}) 26. Rb3 Qxd3 27. Rexd3 Ng6 $15 28. g3 (28. d5 Nf4
29. dxe6 Nxd3 30. exf7+ Kxf7 31. Rxd3 Ke7 $17) 28... Ne7 29. Nd2 $5 {[/\30.
Nd2-e4-d6<=>;/\30.Kg2,Nd2-f1-e3;Xd5]} Re1 30. Kg2 (30. Rbc3 Rxc3 31. Rxc3 Re2
$17) 30... Nd5 31. Nf1 $5 Rc2 32. Ne3 Nxe3+ 33. Rxe3 Rxe3 34. Rxe3 Rd2 (34...
Kf8 35. Rd3 Ke7 36. h5 $1 (36. Kf3 Kd7 37. Kg2 Kc6 $140 38. Rf3 $132) 36... Kd7
37. Rf3 Ke7 38. Rd3 $11) 35. Rc3 $132 Rxd4 36. Rc8+ Kh7 37. Rc7 Ra4 38. h5 $5 (
38. Rxf7 Rxa3 39. Re7 b5 40. Rxe6 b4 41. Re7 Ra6 $5 42. Rb7 (42. e6 Kg6) 42...
Rb6 43. Rxa7 b3 44. Ra1 b2 45. Rb1 Kg6 46. g4 Kf7 $15) 38... Rxa3 39. Rxf7 a5 (
39... b5 40. Rb7 $132) 40. f4 $138 (40. Re7 Rb3 41. Rxe6 Rb5 42. Re8 a4 43. e6
a3 (43... Rxh5 $2 44. f4 $18) 44. e7 (44. Ra8 Ra5 45. Rxa5 bxa5 46. e7 a2 47.
e8=Q a1=Q 48. Qg6+ $11) 44... Re5 45. f4 Re1 $11) 40... Rc3 $5 {[/\Rc3-c8-a8]}
41. g4 a4 42. f5 (42. g5 hxg5 (42... Rc8 $6 43. g6+ Kg8 44. Ra7 b5 45. f5 exf5
46. e6 Kf8 $8 (46... b4 47. e7 $18) 47. Rf7+ Kg8 48. Rxf5 $14) 43. fxg5 Rc8 44.
h6 Rg8 $17) 42... exf5 43. gxf5 Kg8 $5 (43... Rc5 $5 44. f6 (44. e6 Kg8) 44...
Rxe5 45. Rxg7+ Kh8 46. Rb7 Kg8 $19) 44. Ra7 Rc5 $1 $19 45. Ra8+ (45. e6 Rxf5
46. Ra8+ Rf8 47. Rxa4 Re8 48. Re4 Kf8 49. Rf4+ Ke7 50. Rf7+ Kxe6 51. Rxg7 Kd5
$19) 45... Kf7 46. Ra7+ (46. e6+ Ke7 47. Ra7+ Kf6 48. Rf7+ Kg5 49. e7 Re5 $19)
46... Kf8 47. Ra8+ Ke7 48. Ra7+ Ke8 49. Ra8+ Kd7 50. Ra7+ Kc6 51. Rxa4 Rxe5 52.
Rf4 {[/\53.f6]} Kc5 53. Kg3 b5 54. Rf1 b4 55. Kf4 Re7 56. Rc1+ Kd4 57. Rd1+ Kc3
58. Rc1+ Kd3 59. Rd1+ Kc2 60. Rd6 b3 61. Rc6+ Kd3 62. Rd6+ Kc4 63. Rc6+ Kb5 0-1